Every Capped France Rugby Player - Statistics

General Stats
  • This quiz has been taken 83 times
    78 since last reset
  • The average score is 103 of 1201
Answer Stats
Hint Answer % Correct
1080 Antoine Dupont
91%
156 Clément Dupont
89%
799 Émile Ntamack
89%
905 Francis Ntamack
89%
713 Jean-Louis Dupont
89%
292 Louis Dupont
89%
1106 Romain Ntamack
89%
780 Alain Penaud
80%
1083 Damian Penaud
80%
1110 Thomas Ramos
77%
1162 Louis Bielle-Biarrey
71%
1114 Peato Mauvaka
71%
1028 Gaël Fickou
69%
1094 Matthieu Jalibert
69%
1138 Melvyn Jaminet
69%
953 Thierry Dusautoir
69%
1052 Charles Ollivon
66%
773 Fabien Galthié
66%
877 Sébastien Chabal
66%
684 Serge Blanco
66%
1129 Gabin Villière
63%
1108 Grégory Alldritt
63%
1105 Julien Marchand
63%
1153 Maxime Lucu
63%
119 Robert Marchand
63%
1151 Thibaud Flament
63%
1049 Uini Atonio
63%
850 Christophe Dominici
60%
1112 François Cros
60%
977 Morgan Parra
60%
1064 Vincent Pelo
60%
1071 Baptiste Serin
57%
819 Fabien Pelous
57%
514 Francis Mas
57%
1123 Jean-Baptiste Gros
57%
239 Lucien Serin
57%
924 Nicolas Mas
57%
1134 Yoram Moefana
57%
908 Aurélien Rougerie
54%
1096 Cedate Gomes Sa
54%
922 Dimitri Yachvili
54%
975 François Trinh-Duc
54%
625 Jacques Rougerie
54%
570 Michel Yachvili
54%
747 Philippe Rougé-Thomas
54%
1048 Teddy Thomas
54%
1059 Virimi Vakatawa
54%
1076 Cyril Baille
51%
1172 Emmanuel Meafou
51%
997 Maxime Médard
51%
1015 Wesley Fofana
51%
1090 Anthony Jelonch
49%
1033 Bernard Le Roux
49%
1121 Cameron Woki
49%
909 Damien Traille
49%
910 Frédéric Michalak
49%
915 Imanol Harinordoquy
49%
1170 Léo Barré
49%
1167 Nolann Le Garrec
49%
708 Philippe Sella
49%
920 Vincent Clerc
49%
896 Yannick Jauzion
49%
1120 Arthur Vincent
46%
932 Yannick Nyanga
46%
1104 Demba Bamba
43%
940 Dimitri Szarzewski
43%
1109 Dorian Aldegheri
43%
1164 Émilien Gailleton
43%
912 Jean-Baptiste Poux
43%
978 Louis Picamoles
43%
811 Marc Lièvremont
43%
991 Matthieu Lièvremont
43%
1107 Paul Willemse
43%
841 Serge Betsen
43%
831 Thomas Lièvremont
43%
1018 Brice Dulin
40%
862 David Auradou
40%
309 Edmond Elissalde
40%
983 Guilhem Guirado
40%
1174 Hugo Auradou
40%
879 Jean-Baptiste Élissalde
40%
685 Jean-Pierre Élissalde
40%
1057 Jonathan Danty
40%
998 Mathieu Bastareaud
40%
1171 Nicolas Depoortère
40%
1176 Oscar Jégou
40%
790 Philippe Bernat-Salles
40%
824 Raphaël Ibanez
40%
1180 Théo Attissogbé
40%
840 Ugo Mola
40%
1029 Camille Lopez
37%
833 Christophe Lamaison
37%
722 Éric Champ
37%
733 Franck Mesnel
37%
962 Julien Pierre
37%
956 Lionel Beauxis
37%
994 Maxime Mermoz
37%
1181 Mickaël Guillard
37%
1102 Pierre Bourgarit
37%
874 Pieter de Villiers
37%
1194 Régis Montagne
37%
1020 Romain Taofifénua
37%
1091 Sébastien Taofifénua
37%
697 Alain Lorieux
34%
1062 Camille Chat
34%
678 Daniel Dubroca
34%
1095 Geoffrey Palis
34%
706 Jean Condom
34%
698 Laurent Rodriguez
34%
1118 Mohamed Haouas
34%
734 Pascal Ondarts
34%
717 Patrice Lagisquet
34%
1163 Paul Boudehent
34%
1116 Pierre-Louis Barassi
34%
821 Stéphane Glas
34%
927 William Servat
34%
761 Abdelatif Benazzi
31%
986 Alexis Palisson
31%
1148 Antoine Hastoy
31%
1042 Brice Mach
31%
726 Denis Charvet
31%
1173 Georges-Henri Colombe
31%
640 Jean-Pierre Rives
31%
547 Jo Maso
31%
887 Lionel Nallet
31%
745 Marc Dal Maso
31%
1022 Maxime Machenaud
31%
837 Olivier Magne
31%
926 Pascal Papé
31%
760 Philippe Saint-André
31%
692 Pierre Berbizier
31%
336 Roger Paul
31%
1051 Rory Kockott
31%
1026 Sébastien Vahaamahina
31%
1012 Yoann Huget
31%
1168 Alexandre Roumat
29%
1117 Anthony Bouthier
29%
1184 Baptiste Jauneau
29%
1177 Jordan Joseph
29%
748 Olivier Roumat
29%
1047 Scott Spedding
29%
873 Stéphane Castaignède
29%
816 Thomas Castaignède
29%
1113 Alivereti Raka
26%
807 Arnaud Costes
26%
1100 Baptiste Couilloud
26%
818 Christophe Juillet
26%
49 Claude Martin
26%
1098 Dany Priso
26%
704 Didier Camberabero
26%
695 Dominique Erbani
26%
1161 Ethan Dumortier
26%
668 Frédéric Costes
26%
1092 Gabriel Lacroix
26%
504 Guy Camberabero
26%
26 Henri Martin
26%
216 Jean Carbonne
26%
611 Jean-Louis Martin
26%
540 Lilian Camberabero
26%
372 Lucien Martin
26%
1152 Matthis Lebel
26%
474 Pierre Lacroix
26%
917 Rémy Martin
26%
1186 Romain Buros
26%
1093 Sekou Macalou
26%
990 Thibault Lacroix
26%
754 Thierry Lacroix
26%
1082 Vincent Rattez
26%
852 Xavier Garbajosa
26%
715 Jean-Pierre Garuet-Lempirou
23%
1061 Jefferson Poirot
23%
929 Julien Bonnaire
23%
959 Nicolas Durand
23%
1166 Posolo Tuilagi
23%
1185 Tevita Tatafu
23%
911 Yannick Bru
23%
1124 Arthur Retière
20%
1122 Dylan Cretin
20%
971 Fulgence Ouedraogo
20%
1139 Gaëtan Barlot
20%
91 Georges André
20%
788 Jean-Michel Gonzalez
20%
1189 Joris Segonds
20%
1039 Jules Plisson
20%
1087 Paul Gabrillagues
20%
1036 Rabah Slimani
20%
1158 Reda Wardi
20%
1135 Swan Rebbadj
20%
855 Arthur Gomes
17%
989 Benjamin Kayser
17%
549 Claude Dourthe
17%
964 Damien Chouly
17%
947 Florian Fritz
17%
393 Georges Brun
17%
657 Guy Novès
17%
1078 Henry Chavancy
17%
46 Jacques Gommes
17%
1014 Jean-Marc Doussain
17%
1197 Joshua Brennan
17%
1175 Lenni Nouchi
17%
893 Mathieu Dourthe
17%
1157 Max Spring
17%
1054 Noa Nakaitaci
17%
122 Paul Serre
17%
849 Pierre Mignoni
17%
396 René Bernard
17%
817 Richard Dourthe
17%
1127 Rodrigue Neti
17%
1188 Tom Spring
17%
1192 Alexandre Fischer
14%
1179 Antoine Frisch
14%
1077 Arthur Iturria
14%
882 Cédric Heymans
14%
847 Cédric Soulette
14%
603 Claude Spanghero
14%
906 Clément Poitrenaud
14%
1132 Cyril Cazeaux
14%
945 David Marty
14%
902 David Skrela
14%
1063 Djibril Camara
14%
1035 Eddy Ben Arous
14%
720 Éric Bonneval
14%
980 Fabien Barcella
14%
812 Franck Tournaire
14%
1085 Geoffrey Doumayrou
14%
694 Guy Laporte
14%
1041 Hugo Bonneval
14%
1195 Jacobus van Tonder
14%
605 Jean-Claude Skrela
14%
631 Jean-François Gourdon
14%
572 Jean-Paul Baux
14%
1088 Judicaël Cancoriet
14%
1070 Julien Rey
14%
1067 Kevin Gourdon
14%
1183 Killian Tixeront
14%
955 Loïc Jacquet
14%
1131 Louis Carbonel
14%
802 Olivier Brouzet
14%
1199 Pierre Bochaton
14%
1056 Sébastien Bézy
14%
992 Sébastien Tillous-Borde
14%
1142 Sipili Falatea
14%
1037 Sofiane Guitoune
14%
1143 Teddy Iribaren
14%
1165 Thomas Laclayat
14%
539 Walter Spanghero
14%
1007 Wenceslas Lauret
14%
1060 Yacouba Camara
14%
1016 Yoann Maestri
14%
1155 Yoan Tanga
14%
1086 Anthony Belleau
11%
1196 Baptiste Erdocio
11%
1159 Bastien Chalureau
11%
957 Benoît August
11%
828 Christophe Moni
11%
1115 Emerick Setiano
11%
293 François Lombard
11%
1190 Giorgi Beria
11%
769 Grégoire Lascubé
11%
615 Jacques Fouroux
11%
923 Jérôme Thion
11%
973 Lionel Faure
11%
739 Marc Cécillon
11%
368 Marcel Jol
11%
897 Nicolas Jeanjean
11%
101 Paul Faure
11%
815 Philippe Carbonneau
11%
371 Pierre Jeanjean
11%
1034 Rémi Talès
11%
647 Robert Paparemborde
11%
916 Sébastien Bruno
11%
792 Stéphane Graou
11%
999 Thomas Domingo
11%
1154 Thomas Jolmès
11%
858 Thomas Lombard
11%
954 Vincent Debaty
11%
775 Vincent Moscato
11%
981 Yann David
11%
604 Alain Estève
9%
1149 Alexandre Bécognée
9%
1046 Alexandre Dumoulin
9%
1004 Alexandre Lapandry
9%
536 | 542 André Abadie
9%
190 Auguste Laurent
9%
1128 Baptiste Pesenti
9%
1003 Benjamin Fall
9%
806 Christian Califano
9%
863 Christian Labit
9%
1021 Christopher Tolofua
9%
1072 Clément Maynadier
9%
1169 Esteban Abadie
9%
1103 Félix Lambey
9%
192 François Raymond
9%
266 Georges Clément
9%
129 Georges Constant
9%
638 Gérard Cholley
9%
960 Grégory Le Corvec
9%
358 Guy Basquet
9%
1146 Ibrahim Diallo
9%
136 Jean Clément
9%
349 Jean Prat
9%
118 Joseph Laurent
9%
1002 Julien Arias
9%
943 Julien Laharrague
9%
1075 Kélian Galletier
9%
1005 Luc Ducalcon
9%
524 Lucien Abadie
9%
808 Marc de Rougemont
9%
282 Marcel Laurent
9%
1099 Marco Tauleigne
9%
1187 Marko Gazzotti
9%
1101 Mathieu Babillot
9%
404 Maurice Prat
9%
966 Nicolas Laharrague
9%
707 Patrick Estève
9%
774 Philippe Gimbert
9%
554 Pierre Villepreux
9%
1013 Raphaël Lakafia
9%
1044 Rémi Lamerat
9%
612 Richard Astre
9%
123 Robert Thierry
9%
1136 Selevasio Tolofua
9%
776 Serge Simon
9%
859 Sylvain Marconnet
9%
1201 Thibault Daubagna
9%
904 Tony Marsh
9%
607 Victor Boffelli
9%
1050 Xavier Chiocci
9%
732 Alain Carminati
6%
633 Alain Paco
6%
914 Alexandre Albouy
6%
1031 Alexandre Flanquart
6%
1045 Alexandre Menini
6%
436 Amédée Domenech
6%
527 André Herrero
6%
149 André Lafond
6%
979 Anthony Floch
6%
976 Arnaud Méla
6%
961 Arnaud Mignardi
6%
1200 Bastien Vergnes-Taillefer
6%
714 Bernard Herrero
6%
1119 Boris Palu
6%
925 Brian Liebenberg
6%
267 Charles Petit
6%
1032 Daniel Kotze
6%
880 David Bory
6%
931 David Couzinet
6%
829 David Venditti
6%
949 Denis Avril
6%
673 Didier Codorniou
6%
899 Elvis Vermeulen
6%
1147 Enzo Forletta
6%
1009 Fabrice Estebanez
6%
892 Fabrice Landreau
6%
869 Gérald Merceron
6%
624 Gilles Delaigue
6%
1133 Hassane Kolingar
6%
982 Ibrahim Diarra
6%
716 Jean-Baptiste Lafond
6%
710 Jean-Charles Orso
6%
456 Jean Dupuy
6%
651 Jean-François Imbernon
6%
835 Jean-Jacques Crenca
6%
577 Jean-Louis Bérot
6%
778 Jean-Luc Sadourny
6%
1017 Jean-Marcellin Buttin
6%
756 Jean-Marc Lhermet
6%
942 Jean-Philippe Grandclaude
6%
552 Jean-Pierre Lux
6%
620 Jean-Pierre Romeu
6%
563 Jean Trillo
6%
661 Jérôme Gallion
6%
1008 Jérôme Porical
6%
857 Jimmy Marlu
6%
1025 Jocelino Suta
6%
58 Julien Combe
6%
1000 Julien Dupuy
6%
974 Julien Malzieu
6%
928 Julien Peyrelongue
6%
984 Julien Tomas
6%
768 Laurent Cabannes
6%
1178 Lester Etien
6%
1053 Loann Goujon
6%
399 Lucien Mias
6%
418 Lucien Roge
6%
93 Marcel Favre
6%
665 Michel Clémente
6%
470 Michel Crauste
6%
848 Nicolas Brusque
6%
796 Olivier Merle
6%
891 Olivier Milloud
6%
898 Patrick Tabacco
6%
1058 Paul Jedrasiak
6%
901 Pépito Elhorga
6%
731 Philippe Bérot
6%
660 Pierre Dospital
6%
1145 Pierre-Henri Azagoh
6%
686 Pierre Lacans
6%
1141 Quentin Walcker
6%
1055 Rémy Grosso
6%
116 René Crabos
6%
602 Roland Bertranne
6%
1182 Romain Briatte
6%
948 Romain Millo-Chluski
6%
682 Serge Gabernet
6%
913 Steven Hall
6%
907 Thibaut Privat
6%
724 Thierry Picard
6%
1156 Thomas Lavault
6%
1191 Tyler Duguid
6%
803 Yann Delaigue
6%
1097 Adrien Pélissié
3%
639 Alain Guilbert
3%
245 Albert Domec
3%
37 Alphonse Massé
3%
434 André Boniface
3%
425 André Haget
3%
1140 Anthony Étrillard
3%
288 Antoine Blain
3%
1040 Antoine Burban
3%
13 Augustin Pujol
3%
1011 Benjamin Noirot
3%
963 Benjamin Thiéry
3%
944 Benoît Baby
3%
252 Charles Bigot
3%
622 Christian Badin
3%
785 Christophe Deylaud
3%
403 Dacien Olive
3%
600 Daniel Dubois
3%
693 Daniel Revailler
3%
645 Dominique Harize
3%
543 Elie Cester
3%
319 Émile Fabre
3%
757 Eric Melville
3%
1079 Fabien Sanconnie
3%
886 Fabrice Lalanne
3%
1043 Félix Le Bourhis
3%
193 Fernand Barthe
3%
632 Francis Haget
3%
881 Franck Belot
3%
298 François Raynal
3%
643 Francois Sangalli
3%
8 Georges Jérome
3%
805 Guy Accoceberry
3%
485 Guy Boniface
3%
427 Henri Domec
3%
230 Henri Haget
3%
315 Henri Masse
3%
205 Honoré Laffont
3%
597 Jack Cantoni
3%
354 Jacques Chaban-Delmas
3%
83 Jacques Forestier
3%
443 Jean Barthe
3%
294 Jean Blond
3%
900 Jean Bouilhou
3%
342 Jean Dauger
3%
160 Jean Etcheberry
3%
517 Jean Fabre
3%
495 Jean Gachassin
3%
737 Jean-Louis Tolot
3%
641 Jean-Luc Averous
3%
656 Jean-Luc Joinel
3%
606 Jean-Michel Aguirre
3%
701 Jean-Patrick Lescarboura
3%
592 Jean-Pierre Bastiat
3%
649 Jean-Pierre Pesteil
3%
503 Jean Piqué
3%
727 Jérôme Bianchi
3%
845 Jérôme Cazalbou
3%
1038 Jonathan Pélissié
3%
946 Julien Candelon
3%
1068 Julien Le Devedec
3%
1126 Killian Geraci
3%
174 | 687 Laurent Pardo
3%
876 Legi Matiu
3%
256 Léopold Fabre
3%
1074 Lucas Pointud
3%
680 Manuel Carpentier
3%
1006 Marc Andreu
3%
700 Marc Sallefranque
3%
1198 Matthias Halagahu
3%
513 Maurice Lira
3%
619 Michel Droitecourt
3%
696 Michel Fabre
3%
646 Michel Palmié
3%
770 Michel Tachdjian
3%
965 Mickaël Forest
3%
1084 Nans Ducuing
3%
613 Olivier Saïsset
3%
868 Olivier Sarraméa
3%
648 Patrice Péron
3%
813 Patrick Arlettaz
3%
44 Paul Dupré
3%
1193 Paul Mallez
3%
749 Philippe Benetton
3%
937 Philippe Bidabé
3%
675 Philippe Dintrans
3%
725 Philippe Marocco
3%
437 Pierre Albaladejo
3%
402 Pierre Bertrand
3%
755 Pierre Hontas
3%
936 Pierre Rabadan
3%
132 Raoul Got
3%
1089 Raphaël Chaume
3%
1065 Rémi Bonfils
3%
987 Renaud Boyoud
3%
652 René Bergès-Cau
3%
52 René Boudreaux
3%
507 René Le Bourhis
3%
1130 Teddy Baubigny
3%
1144 Wilfrid Hounkpatin
3%
764 Xavier Blond
3%
1024 Yannick Forestier
3%
644 Yves Brunet
3%
185 Yves du Manoir
3%
125 Abel Guichemerre
0%
141 Adolphe Bousquet
0%
194 Adolphe Bringeon
0%
117 Adolphe Jauréguy
0%
699 Adrien Mournet
0%
471 Adrien Normand
0%
1030 Adrien Planté
0%
114 Aimé Cassayet-Armagnac
0%
664 Alain Caussade
0%
810 Alain Hyardet
0%
804 Alain Macabiau
0%
667 Alain Maleig
0%
595 Alain Marot
0%
560 Alain Plantefol
0%
400 Alain Porthault
0%
348 Alban Moga
0%
251 Albert Ambert
0%
2 Albert Branlat
0%
218 Albert Cazenave
0%
92 Albert Chatau
0%
809 Albert Cigagna
0%
180 Albert Dupouy
0%
153 Albert Etchepare
0%
98 Albert Eutrope
0%
17 Albert Hubert
0%
364 Albert Kaempf
0%
283 Albert Potel
0%
473 Aldo Quaglio
0%
890 Alessio Galasso
0%
883 Alexandre Audebert
0%
871 Alexandre Chazalet
0%
933 Alexandre Péclier
0%
178 Alex Bioussa
0%
33 Alfred Mayssonnié
0%
209 Alfred Prevost
0%
475 Alfred Roques
0%
12 Allan Muhr
0%
199 Alphonse Puig
0%
248 Amédée Cutzach
0%
353 André Alvarez
0%
162 André Béhotéguy
0%
227 André Camel
0%
541 André Campaes
0%
115 André Chilo
0%
247 André Clady
0%
621 André Darrieussecq
0%
609 André Dubertrand
0%
249 André Duche
0%
291 André Duluc
0%
67 André Francquenelle
0%
302 André Goyard
0%
221 André Loury
0%
617 André Lubrano
0%
187 André Maury
0%
450 André Morel
0%
574 André Piazza
0%
556 André Quilis
0%
329 André Rapin
0%
305 André Rochon
0%
583 André Ruiz
0%
351 André Sahuc
0%
419 André Sanac
0%
42 André Theuriet
0%
217 André Verger
0%
15 André Vergès
0%
782 Andries van Heerden
0%
263 Antoine Duclos
0%
413 Antoine Labazuy
0%
1027 Antonie Claassen
0%
274 Antonin Barbazanges
0%
317 Antonin Delque
0%
614 Armand Vaquerin
0%
299 Armand Vigneau
0%
533 Arnaldo Gruarin
0%
477 Arnaud Marquesuzaa
0%
919 Arnaud Martinez
0%
765 Aubin Hueber
0%
344 Auguste Jarasse
0%
47 Augustin Hourdebaight
0%
587 Basile Moraitis
0%
951 Benjamin Boyet
0%
530 Benoit Dauga
0%
985 Benoît Lecouls
0%
200 Bernard Bergès
0%
407 Bernard Chevallier
0%
545 Bernard Duprat
0%
576 Bernard Dutin
0%
938 Bernard Goutta
0%
750 Bernard Lacombe
0%
126 | 721 Bernard Lavigne
0%
478 Bernard Mommejat
0%
662 Bernard Viviès
0%
188 Camille Montade
0%
875 Cédric Desbrosse
0%
143 Charles-Anthoine Gonnet
0%
23 Charles Beaurin
0%
73 Charles du Souich
0%
161 Charles Lacazedieu
0%
29 Charles Vareilles
0%
672 Christian Béguerie
0%
659 Christian Belascain
0%
575 Christian Boujet
0%
548 Christian Carrère
0%
789 Christian Cœurveillé
0%
465 Christian Darrouy
0%
712 Christian Delage
0%
164 Christian Magnanou
0%
588 Christian Swierczinski
0%
472 Christian Vignes
0%
762 Christophe Deslandes
0%
864 Christophe Laussucq
0%
895 Christophe Milhères
0%
779 Christophe Mougeot
0%
918 Christophe Porcu
0%
1023 Christophe Samson
0%
579 Claude Chenevay
0%
511 Claude Laborde
0%
501 Claude Lacaze
0%
481 Claude Mantoulan
0%
729 Claude Portolan
0%
201 Clément Dulaurens
0%
94 Clovis Bioussa
0%
655 Daniel Bustaffa
0%
390 Daniel Héricé
0%
80 Daniel Ihingoue
0%
629 Daniel Kaczorowski
0%
312 David Aguilar
0%
952 David Attoub
0%
836 David Aucagne
0%
766 David Berty
0%
842 David Dantiacq
0%
872 David Gérard
0%
988 David Janin
0%
844 David Laperne
0%
838 Didier Casadeï
0%
581 Dominique Bontemps
0%
746 Dominique Bouet
0%
167 Edmond Besset
0%
142 Edmond Cayrefourcq
0%
214 Edmond Vellat
0%
284 Édouard Ainciart
0%
207 Édouard Bader
0%
228 Édouard Coulon
0%
82 Édouard Vallot
0%
361 Elie Pebeyre
0%
326 Emile Doussau
0%
18 Émile Lesieur
0%
112 Emmanuel Iguinitz
0%
870 Éric Artiguste
0%
689 Éric Buchet
0%
258 Ernest Camo
0%
211 Ernest Vila
0%
19 Ernest William Lewis
0%
179 Étienne Bonnes
0%
43 Étienne de Jouvencel
0%
1111 Étienne Falgoux
0%
303 Étienne Ithurra
0%
171 Etienne Piquiral
0%
113 Eugène Billac
0%
365 Eugène Buzy
0%
275 Eugène Chaud
0%
175 Eugène Ribère
0%
127 Eugène Soulié
0%
763 Fabrice Heyer
0%
1073 Fabrice Metz
0%
307 Félix Bergèze
0%
382 Félix Lacrampe
0%
223 Fernand Camicas
0%
394 Fernand Cazenave
0%
66 Fernand Forgues
0%
62 Fernand Roujas
0%
255 Fernand Taillantou
0%
140 Fernand Vaquer
0%
518 Fernand Zago
0%
385 Firmin Bonnus
0%
287 Firmin Raynaud
0%
1160 Florian Verhaeghe
0%
300 Francis Daguerre
0%
381 Francis Desclaux
0%
50 Francis Mouronval
0%
854 Franck Comba
0%
395 Franck Fournet
0%
967 Franck Montanella
0%
130 François Borde
0%
147 François Cahuc
0%
177 François Clauzel
0%
903 François Gelez
0%
335 François Méret
0%
463 François Moncla
0%
107 François Poeydebasque
0%
412 François Varenne
0%
71 François-Xavier Dutour
0%
311 Frantz Sahuc
0%
884 Frédéric Cermeno
0%
843 Frédéric Torossian
0%
355 Gaston Combes
0%
10 Gaston Lane
0%
340 Georges Baladié
0%
30 Georges Borchard
0%
397 Georges Carabignac
0%
241 Georges Caussarieu
0%
229 Georges Daudignon
0%
166 Georges Fargues
0%
39 Georges Fourcade
0%
462 Georges Gauby
0%
220 Georges Gérald
0%
304 Georges Libaros
0%
69 Georges Peyroutou
0%
634 Georges Senal
0%
234 Georges Vaills
0%
226 Gérald Branca
0%
702 Gérald Martinez
0%
496 Gérard Bouguyon
0%
370 Gérard Dufau
0%
469 Gérard Mauduy
0%
442 Gérard Murillo
0%
457 Gérard Roucariès
0%
650 Gérard Rousset
0%
561 Gérard Sutra
0%
591 Gérard Viard
0%
70 Gilbert Charpentier
0%
137 Gilbert Coscolla
0%
182 Gilbert Gérintès
0%
440 Gilbert Larréguy
0%
314 Gilbert Lavail
0%
106 Gilbert Pierrot
0%
741 Gilles Bourguignon
0%
941 Grégory Lamboley
0%
832 Guillaume Bouic
0%
950 Guillaume Boussès
0%
866 Guillaume Delmotte
0%
1137 Guillaume Ducat
0%
60 Guillaume Laterrade
0%
95 Gustave Podevin
0%
401 Guy Belletante
0%
498 Guy Calvo
0%
674 Guy Colomine
0%
654 Guy Gasparotto
0%
461 Guy Pauthe
0%
458 Guy Stener
0%
330 Guy Vassal
0%
87 Hélier Thil
0%
1 Henri Amand
0%
28 Henri-Auguste Poirrier
0%
158 Henri Béhotéguy
0%
269 Henri Buisson
0%
616 Henri Cabrol
0%
322 Henri Clarac
0%
435 Henri Claverie
0%
279 Henri de Malherbe
0%
359 Henri Dutrain
0%
398 Henri Fourès
0%
169 Henri Galau
0%
40 Henri Houblain
0%
25 Henri Isaac
0%
9 Henri Lacassagne
0%
237 Henri Lacaze
0%
449 Henri Lazies
0%
11 Henri Levée
0%
580 Henri Magois
0%
508 Henri Marracq
0%
34 Henri Moure
0%
337 Henri Peyrelade
0%
451 Henri Rancoule
0%
510 Henri Romero
0%
742 Henri Sanz
0%
99 Henri Tavernier
0%
723 Hervé Chabowski
0%
793 Hervé Couffignal
0%
825 Hervé Guiraud
0%
486 Hervé Larrue
0%
827 Hugues Miorin
0%
176 Jacques Ballarin
0%
144 Jacques Baquey
0%
529 Jacques Bayardon
0%
711 Jacques Bégu
0%
433 Jacques Bouquet
0%
452 Jacques Chiberry
0%
653 Jacques Cimarosti
0%
564 Jacques Crampagne
0%
679 Jacques Cristina
0%
59 Jacques Dedet
0%
297 Jacques Dorot
0%
7 Jacques Duffourcq
0%
553 Jacques Fort
0%
658 Jacques Gasc
0%
719 Jacques Gratton
0%
441 Jacques Lepatey
0%
562 Jacques Londios
0%
416 Jacques Mauran
0%
389 Jacques Merquey
0%
448 Jacques Meynard
0%
331 Jacques Palat
0%
493 Jacques Rollet
0%
531 Jean-Baptiste Amestoy
0%
323 Jean-Baptiste Lefort
0%
996 Jean-Baptiste Peyras-Loustalet
0%
921 Jean-Baptiste Rué
0%
155 Jean Bayard
0%
438 Jean Benetiere
0%
152 Jean Bernon
0%
439 Jean Bichindaritz
0%
135 Jean Boubée
0%
538 Jean Capdouze
0%
455 Jean Carrère
0%
159 Jean Castets
0%
38 Jean Caujolle
0%
889 Jean-Charles Cistacq
0%
321 Jean Chassagne
0%
525 Jean-Claude Berejnoi
0%
532 Jean-Claude Hiquet
0%
546 Jean-Claude Lagrange
0%
759 Jean-Claude Langlade
0%
522 Jean-Claude Lasserre
0%
559 Jean-Claude Malbet
0%
569 Jean-Claude Noble
0%
544 Jean-Claude Roques
0%
618 Jean-Claude Rossignol
0%
420 Jean-Claude Rouan
0%
308 Jean Clavé
0%
277 Jean Coderc
0%
414 Jean Colombier
0%
628 Jean Costantino
0%
285 Jean Daguerre
0%
173 Jean Danion
0%
430 Jean Darrieussecq
0%
878 Jean Daudé
0%
483 Jean de Gregorio
0%
78 Jean Domercq
0%
191 Jean Ducousso
0%
235 Jean Duhau
0%
958 Jean-François Coux
0%
767 Jean-François Gourragne
0%
671 Jean-François Marchal
0%
623 Jean-François Phliponeau
0%
777 Jean-François Tordo
0%
219 Jean Galia
0%
567 Jean-Henri Mir
0%
431 Jean-Henri Pargade
0%
573 Jean Iraçabal
0%
77 Jean Jacques Conilh de Beyssac
0%
566 Jean-Jacques Lénient
0%
236 Jean Jardel
0%
528 Jean-Joseph Rupert
0%
81 Jean Larribau
0%
133 Jean Larrieu
0%
367 Jean Lassègue
0%
500 Jean Laudouar
0%
523 Jean Le Droff
0%
138 Jean Lobies
0%
589 Jean-Louis Azarete
0%
111 Jean-Louis Capmau
0%
557 Jean-Louis Dehez
0%
830 Jean-Louis Jordana
0%
642 Jean-Louis Ugartemendia
0%
865 Jean-Luc Aqua
0%
853 Jean-Marc Aué
0%
186 Jean Marcet
0%
888 Jean-Marc Souverbie
0%
100 Jean-Marie Arnal
0%
568 Jean-Marie Bonal
0%
771 Jean-Marie Cadieu
0%
636 Jean-Martin Etchenique
0%
346 Jean Massare
0%
360 Jean Matheu-Cambas
0%
526 Jean-Michel Cabanier
0%
565 Jean-Michel Capendeguy
0%
555 Jean-Michel Esponda
0%
222 Jean Morère
0%
491 Jean Othats
0%
1125 Jean-Pascal Barraque
0%
688 Jean-Paul Wolf
0%
691 Jean-Pierre Fauvel
0%
784 Jean-Pierre Genet
0%
610 Jean-Pierre Hortoland
0%
551 Jean-Pierre Mir
0%
515 Jean-Pierre Razat
0%
487 Jean-Pierre Saux
0%
380 Jean Pilon
0%
350 Jean Prin-Clary
0%
85 Jean-René Pascarel
0%
204 Jean Revillon
0%
405 Jean-Roger Bourdeu
0%
550 Jean Salut
0%
90 Jean Sébédio
0%
96 Jean Semmartin
0%
86 Jean Sentilles
0%
584 Jean Sillières
0%
183 Jean Vaysse
0%
357 Jean Villagra
0%
1010 Jérôme Schuster
0%
51 Joe Anduran
0%
630 Joël Pécune
0%
243 Joseph Augé
0%
63 Joseph Bavozet
0%
253 Joseph Choy
0%
290 Joseph Desclaux
0%
333 Joseph Dutrey
0%
428 Joseph Galy
0%
281 Joseph Griffard
0%
61 Joseph Jourdain de Muizon
0%
148 Joseph Pascot
0%
206 Joseph Sayrou
0%
210 Joseph Sourgens
0%
57 Jules Cadenat
0%
238 Jules Hauc
0%
41 Jules Icard
0%
422 Julien Arrieta
0%
972 Julien Brugnaut
0%
79 Julien Dufau
0%
1150 Julien Hériteau
0%
1001 Julien Puricelli
0%
738 Karl Janik
0%
800 Laurent Bénézech
0%
426 Laurent Bidart
0%
635 Laurent Desnoyer
0%
834 Laurent Leflamand
0%
791 Laurent Mazas
0%
752 Laurent Seigne
0%
795 Laurent Verge
0%
374 Léon Bordenave
0%
196 Léon Chapuy
0%
798 Léon Loppy
0%
262 Léopold Servole
0%
867 Lionel Mallier
0%
969 Lionel Mazars
0%
735 Louis Armary
0%
151 Louis Béguet
0%
663 Louis Bilbao
0%
480 Louis Casaux
0%
168 Louis Cluchague
0%
197 Louis Destarac
0%
494 Louis Echave
0%
345 Louis Junquas
0%
170 Louis Lepatey
0%
231 Louis Magnol
0%
233 Louis Péllissier
0%
121 Louis Puech
0%
257 Lucien Augras
0%
108 Lucien Besset
0%
369 Lucien Caron
0%
278 Lucien Cognet
0%
334 Lucien Ferrand
0%
582 Lucien Pariès
0%
356 Lucien Rouffia
0%
56 Lucien Thévenot
0%
939 Ludovic Loustau
0%
934 Ludovic Valbon
0%
213 Maixent Piquemal
0%
728 Marc Andrieu
0%
184 Marcel Baillette
0%
172 Marcel Besson
0%
45 Marcel Burgun
0%
244 Marcel Camel
0%
505 Marcel Cassiède
0%
4 Marcel Communeau
0%
145 Marcel de Laborderie
0%
318 Marcel Deygas
0%
105 Marcel-Frederic Lubin-Lebrere
0%
48 Marcel Legrain
0%
163 Marcel Loustau
0%
84 Marcel Monniot
0%
497 Marcel Puget
0%
250 Marcel Soler
0%
339 Marcel Tucoo-Chala
0%
363 Marcel Volot
0%
601 Marc Etcheverry
0%
24 Marc Giacardy
0%
751 Marc Pujolle
0%
860 Marc Raynaud
0%
273 Marius Guiral
0%
260 Marius Rodrigo
0%
930 Mathieu Barrau
0%
128 Maurice Biraben
0%
76 Maurice Boyau
0%
53 Maurice Bruneau
0%
296 Maurice Celhay
0%
88 Maurice Hedembaigt
0%
146 Maurice Jeangrand
0%
225 Maurice Larrieux
0%
36 Maurice Leuvielle
0%
259 Maurice Porra
0%
261 Maurice Savy
0%
378 Maurice Siman
0%
362 Maurice Terreau
0%
599 Max Barrau
0%
157 Max Lalande
0%
264 Max Rousié
0%
268 Max Vigerie
0%
512 Michel Arino
0%
537 Michel Arnaudet
0%
578 Michel Billière
0%
316 Michel Bonnus
0%
424 Michel Celaya
0%
772 Michel Courtiols
0%
690 Michel Cremaschi
0%
453 Michel Escommier
0%
571 Michel Greffe
0%
586 Michel Hauser
0%
466 Michel Hoche
0%
740 Michel Hondagné-Monge
0%
490 Michel Lacome
0%
558 Michel Lasserre
0%
417 Michel Lecointre
0%
786 Michel Marfaing
0%
598 Michel Pebeyre
0%
820 Michel Périé
0%
373 Michel Pomathios
0%
626 Michel Sappa
0%
596 Michel Savitsky
0%
535 Michel Sitjar
0%
366 Michel Sorondo
0%
637 Michel Taffary
0%
429 Michel Vannier
0%
1081 Mohamed Boughanmi
0%
846 Nicolas Bacqué
0%
379 Noël Baudry
0%
3 Noël Cessieux
0%
154 Noël Sicart
0%
814 Olivier Azam
0%
797 Olivier Campan
0%
968 Olivier Olibeau
0%
970 Olivier Sourgens
0%
861 Pascal Giordani
0%
885 Patrice Collazo
0%
676 Patrick Mesny
0%
703 Patrick Perrier
0%
677 Patrick Salas
0%
730 Patrick Serrière
0%
246 Paul Barrère
0%
295 Paul Boyer
0%
467 Paul Cassagne
0%
64 Paul Decamps
0%
6 Paul Dedeyn
0%
519 Paul Dedieu
0%
224 Paul Descamps
0%
110 Paulin Bascou
0%
409 Paul Labadie
0%
391 Paul Lasaosa
0%
20 Paul Maclos
0%
27 Paul Mauriat
0%
14 Paul Sagot
0%
421 Paul Tignol
0%
445 Philibert Capitani
0%
758 Philippe Gallart
0%
97 Philippe Struxiano
0%
377 Pierre Aristouy
0%
743 Pierre Arthapignet
0%
516 Pierre Besson
0%
585 Pierre Biémouret
0%
839 Pierre Bondouy
0%
499 Pierre Cazals
0%
705 Pierre Chadebech
0%
332 Pierre Charton
0%
993 Pierre Corréia
0%
289 Pierre Cussac
0%
446 Pierre Danos
0%
594 Pierre Darbos
0%
313 Pierre Daulouède
0%
375 Pierre Dizabo
0%
718 Pierre-Édouard Detrez
0%
286 Pierre Escaffre
0%
65 Pierre Failliot
0%
16 Pierre Gaudermen
0%
301 Pierre Geschwind
0%
270 Pierre Guelorget
0%
32 Pierre Guillemin
0%
415 Pierre Guilleux
0%
89 Pierre Jauréguy
0%
479 Pierre Lacaze
0%
387 Pierre Lauga
0%
388 Pierre Lavergne
0%
310 Pierre Milliand
0%
783 Pierre Montlaur
0%
68 Pierre Mounicq
0%
134 Pierre Moureu
0%
392 Pierre Pascalin
0%
683 Pierre Pédeutour
0%
120 Pierre Pons
0%
476 Pierre Tarricq
0%
306 Pierre Thiers
0%
488 Raoul Barrière
0%
232 Raoul Bonamy
0%
75 Raoul Paoli
0%
104 Raphaël Lavaud
0%
327 Raymond Le Goff
0%
520 Raymond Rebujent
0%
54 Rémi Laffitte
0%
181 René Araou
0%
324 René Arotca
0%
590 René Bénésis
0%
384 René Biénès
0%
208 René Bousquet
0%
406 René Brejassou
0%
35 René de Mallemann
0%
72 René Duffour
0%
31 René Duval
0%
280 René Finat
0%
202 René Graciet
0%
189 René Halet
0%
103 René Lasserre
0%
328 René Lombarteix
0%
55 René Menrath
0%
464 René Monié
0%
271 René Namur
0%
165 René Salinié
0%
627 René Séguier
0%
822 Richard Castel
0%
240 Richard Majerus
0%
444 Robert Basauri
0%
432 Robert Baulon
0%
320 Robert Cals
0%
423 Robert Carrère
0%
325 Robert Caunegre
0%
109 Robert Desvouges
0%
343 Robert Geneste
0%
215 Robert Houdet
0%
212 Robert Hutin
0%
410 Robert Labarthète
0%
102 Robert Lacoste
0%
195 Robert Levasseur
0%
74 Robert Monier
0%
254 Robert Samatan
0%
242 Robert Sarrade
0%
265 Robert Scohy
0%
352 Robert Soro
0%
338 Robert Tourte
0%
460 Robert Vigier
0%
736 Rodolphe Modin
0%
669 Roger Aguerre
0%
383 Roger Arcalis
0%
593 Roger Bourgarel
0%
489 Roger Brethes
0%
276 Roger Claudel
0%
386 Roger Ferrien
0%
521 Roger Fite
0%
408 Roger Furcade
0%
509 Roger Gensane
0%
376 Roger Lacaussade
0%
198 Roger Llari
0%
411 Roger Martine
0%
347 Roger Minjat
0%
139 Roger Piteu
0%
150 Roger Ramis
0%
272 Roger Triviaux
0%
492 Roland Crancée
0%
468 Roland Darracq
0%
502 Roland Lefèvre
0%
935 Romain Froment
0%
894 Sébastien Bonetti
0%
781 Sébastien Viars
0%
482 Serge Méricq
0%
506 Serge Plantey
0%
459 Serge Torreilles
0%
21 Simon Maurin
0%
856 Stéphane de Bésombes
0%
787 Stéphane Ougier
0%
753 Stéphane Weller
0%
823 Sylvain Dispagne
0%
484 Sylvain Meyer
0%
22 Théodore Varvier
0%
124 Théophile Cambre
0%
851 Thierry Cléda
0%
744 Thierry Devergie
0%
709 Thierry Janeczek
0%
826 Thierry Labrousse
0%
454 Thomas Manterola
0%
203 Vincent Graule
0%
5 William Crichton
0%
1066 William Demotte
0%
131 William Gayraud
0%
801 William Techoueyres
0%
1069 Xavier Mignot
0%
995 Yannick Caballero
0%
794 Yann Lemeur
0%
608 Yvan Buonomo
0%
1019 Yvan Watremez
0%
341 Yves Bergougnan
0%
447 Yves Duffaut
0%
681 Yves Duhard
0%
666 Yves Lafarge
0%
670 Yves Malquier
0%
534 Yves Menthillier
0%
No matching quizzes found
Score Distribution
Percent of People with Each Score
Percentile by Number Answered
Your Score History
You have not taken this quiz since the last reset